000 00451nam a2200181Ia 4500
001 22676
005 20260414150846.0
008 260414t2009||||xx |||||||||||||| ||spa||
041 _aESP
082 _a621.384
_bM514A
100 _aMahafza, Bassem R.
_eAUT
245 0 _aRadar signal analysis and processing using MATLAB
_b
260 _c2009
300 _a479 páginas :
_c23 cm.
650 _aTCA
654 _aCET
942 _cLIB
_dJUS
_fJUS
_2ddc
_n
999 _c22676
_d22676